Random amplified polymorphic DNA and pedigree relationships in spring barley (Record no. 66308)

MARC details
000 -LEADER
fixed length control field 00464nam a2200157Ia 4500
100 ## - MAIN ENTRY--AUTHOR NAME
Personal name Tinker N A
245 #0 - TITLE STATEMENT
Title Random amplified polymorphic DNA and pedigree relationships in spring barley
260 ## - PUBLICATION, DISTRIBUTION, ETC. (IMPRINT)
Name of publisher Theoretical and Applied Genetics
Year of publication 1993
300 ## - PHYSICAL DESCRIPTION
Number of Pages 976-984
650 ## - SUBJECT ADDED ENTRY--TOPICAL TERM
Topical Term Genetic marker
650 ## - SUBJECT ADDED ENTRY--TOPICAL TERM
Topical Term Kinsyhip coefficient
650 ## - SUBJECT ADDED ENTRY--TOPICAL TERM
Topical Term Polymerase chain reaction
650 ## - SUBJECT ADDED ENTRY--TOPICAL TERM
Topical Term RAPD
942 ## - ADDED ENTRY ELEMENTS (KOHA)
Koha item type Journals
Holdings
Withdrawn status Lost status Damaged status Not for loan Home library Current library Shelving location Date acquired Serial Enumeration / chronology Koha item type
      Journals RRII Library RRII Library Biotechnology 17/12/2021 Volume 85, Issue 8 Journals